Vedení lidí
Výsledky výskumu v oblasti vedenia ľudí, ktorý sa uskutočnil v roku 2003. Cieľ výskumu. Manažéri ako objekt výskumu. Oblasť realizácie výskumu. Vyhodnotenie vybraných dotazníkových otázok. Svetové trendy manažmentu. Dokončenie z čísla 3/2004.
Guardado en:
| Autor principal: | |
|---|---|
| Otros Autores: | |
| Formato: | Capítulo de libro |
| Lenguaje: | checo |
| Materias: | |
| Etiquetas: |
Sin Etiquetas, Sea el primero en etiquetar este registro!
|
MARC
| LEADER | 00000naa$a2200000$$$4500 | ||
|---|---|---|---|
| 001 | 0007990 | ||
| 005 | 20231018123850.0 | ||
| 041 | 0 | |a cze | |
| 044 | |a CZ | ||
| 245 | 1 | 0 | |a Vedení lidí |c aut. Zdeněk Brodský, Jiří Krátký |
| 520 | |a Výsledky výskumu v oblasti vedenia ľudí, ktorý sa uskutočnil v roku 2003. Cieľ výskumu. Manažéri ako objekt výskumu. Oblasť realizácie výskumu. Vyhodnotenie vybraných dotazníkových otázok. Svetové trendy manažmentu. Dokončenie z čísla 3/2004. | ||
| 610 | 2 | 0 | |a manažment |
| 610 | 2 | 0 | |a vedenie ľudí |
| 610 | 2 | 0 | |a manažéri |
| 610 | 2 | 0 | |a výskum |
| 610 | 2 | 0 | |a sektor verejný |
| 100 | 1 | |a Brodský, Zdeněk | |
| 700 | 1 | |a Krátký, Jiří | |